Pirates of the Caribbean 1 Quotes - Statistics

General Stats
  • This quiz has been taken 99 times
  • The average score is 4 of 12
Answer Stats
Hint Answer % Correct
You are without doubt the worst pirate I have ever heard of But you have heard of me
83%
Pearlie per-lay-lee-loo-loo par-lay-lee parsnip parsley par partner pardoner Parley?
78%
You best start believing in ghost stories Miss Turner You're in one
64%
You have become a fine woman Elizabeth I can't breath
42%
So, this is the path you have chosen is it? Afterall he is a blacksmith No he's a pirate
42%
What did he use for rope? Human hair from my back
38%
All hands to the boats. Apologies, you give the orders Gents take a walk
20%
It never would have worked between us darling, I'm sorry Will nice hat
20%
The gold calls to us (the gold) Ello poppet
16%
You are not dead! No :) You shot me
16%
I intend to see to it that any man who sails under a pirate flag or wears a pirate brand gets what he deserves a short drop and a sudden stop
11%
I want you to leave and never come back I am disinclined to acquiesce to your request
1%
No matching quizzes found
Score Distribution
Percent of People with Each Score
Percentile by Number Answered
Your Score History
You have not taken this quiz